Datum a čas kvízu
27.5
Celkem bodů
Celkový počet nahraných bodů na tomto kvízu bez doplňovacích otázek.
6.
Pořadí na kvízu
Konečné umístění týmu na tomto kvízu.
Zaznamenané odpovědi
| # | Otázka | Odpověď | Body | Výsledky |
|---|---|---|---|---|
| 1. | Bývalý politik, který v součas... | 1 | ||
| 2. | Zakladatel a generální ředitel... | 1 | ||
| 3. | Česká televize minulé pondělí... | 0 | ||
| 4. | V úterý byl otevřen největší s... | 1 | ||
| 5. | Konec neporazitelnosti v hokej... | 1 | ||
| 6. | Mezinárodní vesmírná stanice (... | 1 | ||
| 7. | V předchozí otázce bylo řečeno... | 0 | ||
| 8. | Standardní denní program posád... | 1 | ||
| 9. | Jak se jmenuje ruská kosmická... | 1 | ||
| 10. | První espresso kávovar, určený... | 0 |